| 000 | 00353nam a22001217a 4500 | ||
|---|---|---|---|
| 999 |
_c3249 _d3249 |
||
| 005 | 20201119144925.0 | ||
| 008 | 201119b ||||| |||| 00| 0 eng d | ||
| 020 | _a074872848 | ||
| 040 | _cCML | ||
| 245 |
_aDesign and Technology. _cBennington K |
||
| 260 |
_aEngland _bStanley Thornes _c1996 |
||
| 942 |
_2ddc _cBK _e1st Edition _h372.358 _mBEN |
||